Ajuste por inflación: cierres 31/12/2022. (Registro nro. 10560)

Detalles MARC
000 -LEADER
fixed length control field 00373 a2200121 4500
001 - CONTROL NUMBER
control field ART_58296
005 - DATE AND TIME OF LATEST TRANSACTION
control field 20260410161610.0
008 - FIXED-LENGTH DATA ELEMENTS--GENERAL INFORMATION
fixed length control field 260409a
100 1# - MAIN ENTRY--PERSONAL NAME
Personal name Veiras, Alberto
245 10 - TITLE STATEMENT
Title Ajuste por inflación: cierres 31/12/2022.
700 1# - ADDED ENTRY--PERSONAL NAME
Personal name Paulone, Héctor Mauricio
773 0# - HOST ITEM ENTRY
Title Profesional & Empresaria
Related parts - Año XXV, Nº 283 (abr. 2023)
Record control number REV70

No hay ítems disponibles.